LEADER 01087nam a2200337 i 4500 001 991001246079707536 005 20020507113350.0 008 970308s1975 us ||| | eng 035 $ab10193893-39ule_inst 035 $aLE00644583$9ExL 040 $aDip.to Fisica$bita 084 $a53(091) 084 $a53.1.4 084 $a53.5.4 084 $a53.8 084 $a530.1'24 084 $aQC176.8 100 1 $aSlater, John C.$017883 245 10$aSolid-state and molecular theory :$ba scientific biography /$cJohn Slater 260 $aNew York :$bJohn Wiley & Sons,$c1975 300 $aviii, 357 p. :$bill. ;$c23 cm. 650 4$aEnergy-band theory of solids 650 4$aMolecular theory 650 4$aPhysics 650 4$aWave mechanics 907 $a.b10193893$b21-09-06$c27-06-02 912 $a991001246079707536 945 $aLE006 53(091) SLA$g1$i2006000010986$lle006$o-$pE0.00$q-$rl$s- $t0$u0$v0$w0$x0$y.i10239121$z27-06-02 996 $aSolid-state and molecular theory$9191347 997 $aUNISALENTO 998 $ale006$b01-01-97$cm$da $e-$feng$gus $h0$i1 LEADER 01870nam0 22003253i 450 001 LO10801718 005 20231121125523.0 010 $a8845201163 100 $a20150723d2004 ||||0itac50 ba 101 | $aita 102 $ait 181 1$6z01$ai $bxxxe 182 1$6z01$an 200 1 $aAttese$fElena Loewenthal 210 $aMilano$cRomanzo Bompiani$d2004 215 $a202 p.$d21 cm. 225 | $aRomanzo Bompiani 330 $aUn velo bianco unisce le storie di tre donne appartenenti alla stessa famiglia ebraica, attraversando il Novecento e le sue immani tragedie fino ai giorni nostri. Il velo con cui Rebecca, poco più che bambina, si copre il volto prima di incontrare Isacco, il suo futuro sposo. Il velo altrettanto candido che l'anziana Claudia, consacratasi a ricamare una tovaglia che festeggerà la futura morte di Hitler, indossa per commemorare i suoi famigliari mentre scompaiono uno dopo l'altro durante le persecuzioni naziste. E infine il velo nel quale Elvira e il suo amato custodiscono una manciata della Terra Promessa. È lo stesso velo che un giovane rabbino tiene tra le mani a Venezia, mentre attende giorno dopo giorno, con fede incrollabile, l'arrivo del Messia. 410 0$1001CFI0510895$12001 $aRomanzo Bompiani 500 10$aAttese$3BCT0041873$9RAVV073848$93608592 700 1$aLoewenthal$b, Elena$3RAVV073848$4070$0139715 801 3$aIT$bIT-01$c20150723 850 $aIT-RM0166 $aIT-FR0017 899 $aBiblioteca Nazionale dell?Ebraismo Italiano ?Tullia Zevi?$bRM0166 899 $aBiblioteca umanistica Giorgio Aprea$bFR0017 $eN 912 $aLO10801718 950 0$aBiblioteca umanistica Giorgio Aprea$d 52MAG 6/454$e 52FLS0000278425 VMB RS $fA $h20201028$i20201028 977 $a 28$a 52 996 $aAttese$93608592 997 $aUNICAS